Biology, cytogenetics and ploidy of species of the genus Hevea (Record no. 45954)

MARC details
000 -LEADER
fixed length control field 00575nam a2200205Ia 4500
100 ## - MAIN ENTRY--AUTHOR NAME
Personal name Gohcalves Paulo de Souza
245 #0 - TITLE STATEMENT
Title Biology, cytogenetics and ploidy of species of the genus Hevea
260 ## - PUBLICATION, DISTRIBUTION, ETC. (IMPRINT)
Name of publisher Agronomica
Year of publication 1989
300 ## - PHYSICAL DESCRIPTION
Number of Pages 40-64
520 ## - SUMMARY, ETC.
Summary, etc Translation (No.T91PR0057) from Portugese
650 ## - SUBJECT ADDED ENTRY--TOPICAL TERM
Topical Term Biology
650 ## - SUBJECT ADDED ENTRY--TOPICAL TERM
Topical Term Cytogenetics
650 ## - SUBJECT ADDED ENTRY--TOPICAL TERM
Topical Term Heve
700 ## - ADDED ENTRY--PERSONAL NAME
Personal name Boaventura Marco AM
700 ## - ADDED ENTRY--PERSONAL NAME
Personal name Cardos Mario
700 ## - ADDED ENTRY--PERSONAL NAME
Personal name Lavorenti Cesar
700 ## - ADDED ENTRY--PERSONAL NAME
Personal name Martins Antonio Lucio Mello
942 ## - ADDED ENTRY ELEMENTS (KOHA)
Koha item type Reprints
Holdings
Withdrawn status Lost status Damaged status Not for loan Home library Current library Date acquired Serial Enumeration / chronology Accession Number Koha item type
      Reprints RRII Library RRII Library 22/12/2021 Volume 41, Issue 1 P1299 Reprints